Semiclassical analysis / (Record no. 101264)

MARC details
000 -LEADER
fixed length control field 00703nam a22002057a 4500
005 - DATE AND TIME OF LATEST TRANSACTION
control field 20160713123831.0
010 ## - LCCN (DPL NO)
LC control number ENG-115419
020 ## - INTERNATIONAL STANDARD BOOK NUMBER
International Standard Book Number 9781470425845
Terms of availability 912.00
035 ## - SYSTEM CONTROL NUMBER
System control number EN-98951
037 ## - SOURCE OF ACQUISITION
Source of stock number/acquisition DBAD/PUB
082 ## - DEWEY DECIMAL CLASSIFICATION NUMBER
Classification number 515
100 ## - MAIN ENTRY--PERSONAL NAME
Personal name Zworski,Maciej
245 ## - TITLE STATEMENT
Title Semiclassical analysis /
Statement of responsibility, etc Maciej Zworski
260 ## - PUBLICATION, DISTRIBUTION, ETC. (IMPRINT)
Place of publication, distribution, etc Rhode Island
Name of publisher, distributor, etc American Mathematical Society
Date of publication, distribution, etc 2016
270 ## - ADDRESS
Address Distributed by-Universties Press,3-6-747/1/A & 3-6 754/1,Himayatnagar
City Hyderabad (Telagana)
Postal code 500029
300 ## - PHYSICAL DESCRIPTION
Extent xii,431p.
Dimensions 24cm(pbk)
490 ## - SERIES STATEMENT
Series statement vol-138 ; Graduate Studies in Mathematics
500 ## - GENERAL NOTE
General note Includes bibliographical references and Index
942 ## - ADDED ENTRY ELEMENTS (KOHA)
Source of classification or shelving scheme Dewey Decimal Classification
Item type English Books
Classification part 515
Call number suffix ZWO
Holdings
Withdrawn status Lost status Not for loan Collection code Home library Current library Date acquired Source of acquisition Cost, normal purchase price Full call number Barcode Copy number Cost, replacement price Koha item type
    Not For Loan Non-fiction D.B.Act.Division Bawana 13/07/2016 DBAD/PUB 912.00 515 ZWO EN-98951 1 912.00 English Books

© Delhi Public Library
Hit Counter
free hit counter